<?xml version="1.0" encoding="UTF-8"?>
<record
    xmlns:xsi="http://www.w3.org/2001/XMLSchema-instance"
    xsi:schemaLocation="http://www.loc.gov/MARC21/slim http://www.loc.gov/standards/marcxml/schema/MARC21slim.xsd"
    xmlns="http://www.loc.gov/MARC21/slim">

  <leader>01900nam a2200349 a 4500</leader>
  <controlfield tag="001">BRCA_2440</controlfield>
  <controlfield tag="005">20190320203818.0</controlfield>
  <controlfield tag="008">141108s1797----sp-a---###---#000-0dspa-u</controlfield>
  <datafield tag="041" ind1=" " ind2=" ">
    <subfield code="a">spa</subfield>
  </datafield>
  <datafield tag="044" ind1=" " ind2=" ">
    <subfield code="a">sp</subfield>
  </datafield>
  <datafield tag="084" ind1=" " ind2=" ">
    <subfield code="a">080</subfield>
    <subfield code="b">.S264</subfield>
    <subfield code="c">1797</subfield>
  </datafield>
  <datafield tag="100" ind1="1" ind2=" ">
    <subfield code="a">Cervantes Saavedra, Miguel de</subfield>
    <subfield code="d">1547-1616</subfield>
    <subfield code="9">213</subfield>
  </datafield>
  <datafield tag="245" ind1="1" ind2="0">
    <subfield code="a">El Ingenioso Hidalgo Don Quixote de la Mancha</subfield>
    <subfield code="c">compuesto por Miguel de Cervantes Saavedra.</subfield>
  </datafield>
  <datafield tag="260" ind1=" " ind2=" ">
    <subfield code="a">Madrid</subfield>
    <subfield code="b">Gabriel de Sancha</subfield>
    <subfield code="c">1797</subfield>
  </datafield>
  <datafield tag="300" ind1=" " ind2=" ">
    <subfield code="a">4 v.</subfield>
    <subfield code="b">il.</subfield>
    <subfield code="c">19 cm.</subfield>
  </datafield>
  <datafield tag="500" ind1=" " ind2=" ">
    <subfield code="a">Contenido : v 1. Primera parte. Notas al t&#xED;tulo de la historia. Discurso preliminar. Vida de Cervantes por J. A. Pellicer. Dedicatoria del Autor. Pr&#xF3;logo del autor. Versos preliminares. Texto. -- v 2. Texto. -- v 3. Segunda parte. Resumen de los documentos de la edici&#xF3;n pr&#xED;ncipe. Texto. -- v 4. Descripci&#xF3;n geogr&#xE1;fico-hist&#xF3;rica de los viajes de D. Quijote. Texto</subfield>
  </datafield>
  <datafield tag="500" ind1=" " ind2=" ">
    <subfield code="a">Edici&#xF3;n : Nueva edici&#xF3;n corregida de nuevo con nuevas notas, nuevas estampas, con nuevo an&#xE1;lisis y con la vida del autor nuevamente aumentada por Juan Antonio Pellicer</subfield>
  </datafield>
  <datafield tag="500" ind1=" " ind2=" ">
    <subfield code="a">Es la misma edici&#xF3;n que el LO-079, pero dividida en 4 vol&#xFA;menes. Ejemplar bien conservado. Semipiel L&#xFA;dovik Osterc</subfield>
  </datafield>
  <datafield tag="500" ind1=" " ind2=" ">
    <subfield code="a">Incluye &#xED;ndice : De las cosas notables</subfield>
  </datafield>
  <datafield tag="500" ind1=" " ind2=" ">
    <subfield code="a">QM58C</subfield>
  </datafield>
  <datafield tag="650" ind1="1" ind2="4">
    <subfield code="a">Novela espa&#xF1;ola</subfield>
    <subfield code="y">&#xC9;poca cl&#xE1;sica, 1500-1700</subfield>
    <subfield code="9">215</subfield>
  </datafield>
  <datafield tag="650" ind1="1" ind2="4">
    <subfield code="a">Literatura espa&#xF1;ola</subfield>
    <subfield code="y">&#xC9;poca cl&#xE1;sica, 1500-1700</subfield>
    <subfield code="9">216</subfield>
  </datafield>
  <datafield tag="650" ind1="1" ind2="4">
    <subfield code="a">Novela espa&#xF1;ola</subfield>
    <subfield code="y">Siglo XVII</subfield>
    <subfield code="9">217</subfield>
  </datafield>
  <datafield tag="650" ind1="1" ind2="4">
    <subfield code="a">Don Quijote (Personaje fiticio)</subfield>
    <subfield code="e">Novela</subfield>
    <subfield code="9">7136</subfield>
  </datafield>
  <datafield tag="700" ind1="1" ind2=" ">
    <subfield code="a">Pellicer y Pilares, Juan Antonio</subfield>
    <subfield code="d">1738-1806</subfield>
    <subfield code="e">Bi&#xF3;grafo</subfield>
    <subfield code="9">7137</subfield>
  </datafield>
  <datafield tag="700" ind1="1" ind2=" ">
    <subfield code="a">Camar&#xF3;n Boronat, Jos&#xE9;</subfield>
    <subfield code="d">1730-1803</subfield>
    <subfield code="e">Ilustrador</subfield>
    <subfield code="9">7138</subfield>
  </datafield>
  <datafield tag="700" ind1="1" ind2=" ">
    <subfield code="a">Jimeno, Jos&#xE9; Antonio</subfield>
    <subfield code="d">1757-1807</subfield>
    <subfield code="e">Ilustrador</subfield>
    <subfield code="9">7139</subfield>
  </datafield>
  <datafield tag="700" ind1="1" ind2=" ">
    <subfield code="a">Paret y Alc&#xE1;zar, Luis</subfield>
    <subfield code="d">1746-1799</subfield>
    <subfield code="e">Ilustrador</subfield>
    <subfield code="9">7140</subfield>
  </datafield>
  <datafield tag="740" ind1="0" ind2=" ">
    <subfield code="a">El Ingenioso Hidalgo Don Quijote de la Mancha</subfield>
  </datafield>
  <datafield tag="902" ind1=" " ind2=" ">
    <subfield code="a">QFM</subfield>
  </datafield>
  <datafield tag="942" ind1=" " ind2=" ">
    <subfield code="2">lcc</subfield>
    <subfield code="c">B</subfield>
  </datafield>
  <datafield tag="999" ind1=" " ind2=" ">
    <subfield code="c">2181</subfield>
    <subfield code="d">2181</subfield>
  </datafield>
  <datafield tag="952" ind1=" " ind2=" ">
    <subfield code="0">0</subfield>
    <subfield code="1">0</subfield>
    <subfield code="4">0</subfield>
    <subfield code="7">0</subfield>
    <subfield code="a">BRCA</subfield>
    <subfield code="b">BRCA</subfield>
    <subfield code="d">2008-11-14</subfield>
    <subfield code="i">QM58C</subfield>
    <subfield code="l">0</subfield>
    <subfield code="o">080 .S264 1797 (QM58C)</subfield>
    <subfield code="p">2437</subfield>
    <subfield code="r">2019-03-22 00:00:00</subfield>
    <subfield code="w">2019-03-22</subfield>
    <subfield code="y">B</subfield>
  </datafield>
</record>
